Abgestürzte Traditionsvereine - Wappen - Statistiken

Allgemein
  • Dieses Quiz wurde 136 mal gespielt
  • Das Durchschnittsergebnis liegt bei 16 aus 20
Antwortstatistiken
Bildquiz Antwort % Korrekt
TSV 1860 München
98%
1. FC Saarbrücken
97%
Hansa Rostock
97%
MSV Duisburg
97%
Alemannia Aachen
96%
Rot-Weiß Essen
96%
Kickers Offenbach
95%
Energie Cottbus
94%
Waldhof Mannheim
91%
Stuttgarter Kickers
87%
KFC Uerdingen
86%
Fortuna Köln
79%
Wuppertaler SV
73%
SG Wattenscheid
72%
Blau-Weiß 90 Berlin
68%
Rot-Weiß Oberhausen
68%
FC 08 Homburg
64%
BFC Dynamo
56%
Tennis Borussia Berlin
52%
Borussia Neunkirchen
40%
Keine übereinstimmenden Quizze gefunden
Verteilung der Resultate
Anzahl Personen mit jedem Resultat
Perzentil nach korrekt beantworteten Fragen
Ihre Resultats-Entwicklung
Sie haben dieses Quiz noch nicht gespielt